Applied crisis communication and crisis management : (Record no. 275935)
[ view plain ]
| 000 -LEADER | |
|---|---|
| fixed length control field | 01811cam a2200313 i 4500 |
| 001 - CONTROL NUMBER | |
| control field | 17617452 |
| 003 - CONTROL NUMBER IDENTIFIER | |
| control field | SISC |
| 005 - DATE AND TIME OF LATEST TRANSACTION | |
| control field | 20170123114347.0 |
| 008 - FIXED-LENGTH DATA ELEMENTS--GENERAL INFORMATION | |
| fixed length control field | 130207s2014 cau b 001 0 eng |
| 010 ## - LIBRARY OF CONGRESS CONTROL NUMBER | |
| LC control number | 2013001199 |
| 020 ## - INTERNATIONAL STANDARD BOOK NUMBER | |
| International Standard Book Number | 9781452217802 |
| 040 ## - CATALOGING SOURCE | |
| Original cataloging agency | DLC |
| Language of cataloging | eng |
| Transcribing agency | DLC |
| Description conventions | rda |
| Modifying agency | DLC |
| 042 ## - AUTHENTICATION CODE | |
| Authentication code | pcc |
| 050 00 - LIBRARY OF CONGRESS CALL NUMBER | |
| Classification number | HD 49 |
| Item number | .C6625 2014 |
| 082 00 - DEWEY DECIMAL CLASSIFICATION NUMBER | |
| Classification number | 658.4/056 |
| 100 1# - MAIN ENTRY--PERSONAL NAME | |
| Personal name | Coombs, W. Timothy. |
| 245 10 - TITLE STATEMENT | |
| Title | Applied crisis communication and crisis management : |
| Remainder of title | cases and exercises / |
| Statement of responsibility, etc | W. Timothy Coombs, University of Central Florida. |
| 260 ## - PUBLICATION, DISTRIBUTION, ETC. (IMPRINT) | |
| Place of publication, distribution, etc | London : |
| Name of publisher, distributor, etc | SAGE Publication Ltd., |
| Date of publication, distribution, etc | 2014. |
| 300 ## - PHYSICAL DESCRIPTION | |
| Extent | 245 pages ; |
| Dimensions | 26 cm. |
| 504 ## - BIBLIOGRAPHY, ETC. NOTE | |
| Bibliography, etc | Includes bibliographical references and index. |
| 505 0# - FORMATTED CONTENTS NOTE | |
| Formatted contents note | A short introduction to the case study method -- Crisis capsules -- Pampers and dry max chemical burn rumor -- Hershey, Cocoa, and child slavery/labor abuse -- Cadbury salmonella recall -- Peanut butter paste recall of 2009 -- Tetra pak, Nestle and ITX -- Nestle and greenpeace disagree over palm oil sourcing -- Carrefour, China, and the Olympic torch relay -- Sparboe farms and McDonald's part company over animal cruelty -- BP Texas city explosion -- Sigg and BPA -- West pharmaceutical services' dust explosion -- Jensen farm, listeria, and cantaloupe -- Chick-fil-a and the dangers of social issues -- The Bhopal tragedy -- Odwalla and e. coli -- Valujet flight 592 and the end of a brand -- Greenpeace pressures H&M to detox the garment industry -- Index -- About the author. |
| 521 ## - TARGET AUDIENCE NOTE | |
| Target audience note | Business Administration |
| 650 #0 - SUBJECT ADDED ENTRY--TOPICAL TERM | |
| Topical term or geographic name as entry element | Crisis management. |
| 650 #0 - SUBJECT ADDED ENTRY--TOPICAL TERM | |
| Topical term or geographic name as entry element | Business communication. |
| 650 #0 - SUBJECT ADDED ENTRY--TOPICAL TERM | |
| Topical term or geographic name as entry element | Management. |
| 906 ## - LOCAL DATA ELEMENT F, LDF (RLIN) | |
| a | 7 |
| b | cbc |
| c | orignew |
| d | 1 |
| e | ecip |
| f | 20 |
| g | y-gencatlg |
| 942 ## - ADDED ENTRY ELEMENTS (KOHA) | |
| Source of classification or shelving scheme | Library of Congress Classification |
| Koha item type | Books |
| Call number prefix | Foreign |
| Withdrawn status | Lost status | Source of classification or shelving scheme | Damaged status | Home library | Current library | Shelving location | Date acquired | Source of acquisition | Cost, normal purchase price | Total Checkouts | Total Renewals | Full call number | Barcode | Date last seen | Date checked out | Price effective from | Koha item type |
|---|---|---|---|---|---|---|---|---|---|---|---|---|---|---|---|---|---|
| Library of Congress Classification | College Library | College Library | Reserve Section | 09/29/2014 | Library Fund | 5167.00 | 3 | 10 | HD 49 .C6625 2014 | C18726 | 11/05/2018 | 08/28/2018 | 09/29/2014 | Books |